| 000 | 00667nam a2200217Ia 4500 | ||
|---|---|---|---|
| 008 | 160517s9999 xx 000 0 und d | ||
| 050 | _aHF 5549 | ||
| 050 | _b.D285 2016 | ||
| 100 | _aDe Asis, Jezelle Mae B. | ||
| 245 | _aFactors affecting attendance performance among college teachers of southville international school and colleges / | ||
| 245 | _cJezelle Mae B. De Asis. | ||
| 260 | _aLas PiƱas, Philippines : | ||
| 260 | _bSISC, | ||
| 260 | _c2016. | ||
| 300 | _a59 pages : | ||
| 300 | _billustrations ; | ||
| 300 | _c28 cm. | ||
| 500 | _aIncludes bibliographical references and appendices. | ||
| 521 | _aBusiness Administration | ||
| 942 | _cTH | ||
| 999 |
_c293989 _d293989 |
||